Normal view
MARC view
Entry Personal Name
001 - CONTROL NUMBER
- control field: 731981
003 - CONTROL NUMBER IDENTIFIER
- control field:
005 - DATE AND TIME OF LATEST TRANSACTION
- control field: 20210627044325.0
008 - FIXED-LENGTH DATA ELEMENTS
- fixed length control field: 210627|| aca||aabn | a|a d
040 ## - CATALOGING SOURCE
- Original cataloging agency:
- Transcribing agency:
100 ## - HEADING--PERSONAL NAME
- Personal name: Merrill, J. A.
670 ## - SOURCE DATA FOUND
- Source citation: Work cat.: ()600905: Browns, R. J. 731979, Methods of determining and controlling bias in nuclear materials accounting measurements /, 1980
